Thirsty Geography Quiz Stats

 Plays Quiz not verified by Sporcle

Challenge
Share
Tweet
Embed
Score 0/50 Timer 08:00
0 Plays Today
% Correct
Ireland
92%
France
92%
Germany
92%
Belgium
91.5%
Italy
91.5%
Russia
91%
United Kingdom
89.9%
Netherlands
88.8%
Australia
88.8%
Czech Republic
88.3%
Austria
88.3%
Hungary
87.8%
Denmark
87.8%
Poland
87.8%
Greece
87.8%
Spain
87.2%
Romania
86.7%
Slovenia
86.7%
Lithuania
86.7%
Slovakia
86.2%
Sweden
86.2%
Ukraine
85.1%
Luxembourg
85.1%
Portugal
84.6%
Finland
84.6%
% Correct
Switzerland
84.6%
Estonia
83.5%
Latvia
83%
Bulgaria
82.4%
Croatia
81.9%
Serbia
80.9%
New Zealand
80.3%
Belarus
79.8%
Canada
76.6%
Moldova
74.5%
Bosnia & Herzegovina
71.8%
Andorra
70.7%
Argentina
61.2%
Armenia
58.5%
South Korea
50%
Kazakhstan
47.9%
Azerbaijan
41.5%
Nigeria
20.2%
St Lucia
19.7%
Uganda
16.5%
Seychelles
13.3%
Palau
13.3%
Grenada
11.2%
Rwanda
9%
Sierra Leone
9%

You're not logged in!

Compare scores with friends on all Sporcle quizzes.
Join for Free
OR
Log In

You Might Also Like...

Show Comments

Extras

Top Quizzes Today


Score Distribution

Your Account Isn't Verified!

In order to create a playlist on Sporcle, you need to verify the email address you used during registration. Go to your Sporcle Settings to finish the process.

Report this User

Report this user for behavior that violates our Community Guidelines.

Details: